| 000 | 00418nam a2200181Ia 4500 | ||
|---|---|---|---|
| 001 | 24057 | ||
| 005 | 20260414151018.0 | ||
| 008 | 260414t2002||||xx |||||||||||||| ||spa|| | ||
| 041 | _aESP | ||
| 082 |
_a759.4 _bT76 |
||
| 100 |
_aTriado Tur, Juan Ramón _eAUT |
||
| 245 | 0 |
_aToulouse Lautrec _b |
|
| 260 | _c2002 | ||
| 300 |
_a95 páginas : _c33 cm. |
||
| 650 | _aABD | ||
| 654 | _aCAU | ||
| 942 |
_cLIB _dJUS _fJUS _2ddc _n |
||
| 999 |
_c24057 _d24057 |
||